Statistics for The Godfather - Part II: Cast and Crew

Click here to take the quiz!

General Stats

  • This quiz has been taken 142 times
  • The average score is 8 of 24

Answer Stats

Answer% Correct
CastMichael CorleoneAl Pacino
98%
CastVito CorleoneRobert De Niro
89%
CastTom HagenRobert Duvall
83%
CastKay CorleoneDiane Keaton
78%
CrewWriterMario Puzo
57%
CrewProducerFrancis Ford Coppola
50%
CrewWriterFrancis Ford Coppola
50%
CrewDirectorFrancis Ford Coppola
50%
CastFredo CorleoneJohn Cazale
50%
CastConstanza Corleone-RizziTalia Shire
46%
CastHyman RothLee Strasberg
29%
CrewComposerNino Rota
21%
CrewComposerCarmine Coppola
18%
CastPeter ClemenzaBruno Kirby
17%
CastFrankie PentangeliMichael V. Gazzo
15%
CrewCinematographerGordon Willis
13%
CastCarmella CorleoneMorgana King
12%
CastGenco AbbandandoFrank Sivero
8%
CrewEditorBarry Malkin
6%
CrewArt DirectorDean Tavoularis
6%
CastDon FanucciGastone Moschin
6%
CrewEditorPeter Zinner
6%
CrewEditorRichard Marks
6%
CrewProducerGray Frederickson
4%

Score Distribution

Percentile by Number Answered

Percent of People with Each Score

Your Score History

You have not taken this quiz